[Event "CAN-ch U20 2004"]
[Site "Calgary CAN"]
[Date "2004.01.06"]
[Round "9.4"]
[White "Panjwani, Raja"]
[Black "Kazakevich, Anastasia"]
[Result "1-0"]
[WhiteElo "2173"]
[BlackElo "1858"]
[PlyCount "103"]
[EventDate "2004.01.02"]
[EventType "swiss"]
[EventRounds "9"]
[EventCountry "CAN"]

1. d4 d5 2. Bg5 h6 3. Bh4 Nd7 4. e3 Ngf6 5. Nd2 e6 6. Bd3 Be7 7. Ngf3 O-O 8. c3
c5 9. O-O b6 10. a4 a5 11. Qe2 Bb7 12. Ne5 Ne4 13. Bxe7 Qxe7 14. Nxd7 Qxd7 15.
Nxe4 dxe4 16. Bb5 Qe7 17. Rfd1 Rfd8 18. dxc5 Qxc5 19. Rd2 Rxd2 20. Qxd2 Qd5 21.
Qd4 Qxd4 22. exd4 Rc8 23. Rc1 Bc6 24. Ba6 Ra8 25. Bb5 Rc8 26. Kf1 f5 27. Ke2
Kf7 28. c4 e5 29. c5 Bxb5+ 30. axb5 exd4 31. cxb6 Rb8 32. Rc6 d3+ 33. Kd2 Ke7
34. h4 Kf7 35. h5 Ke7 36. g3 Kf7 37. Rc7+ Kf6 38. b7 Kg5 39. Rxg7+ Kxh5 40. Ke3
Rd8 41. Rd7 Rb8 42. f3 Kg6 43. fxe4 fxe4 44. Kxe4 d2 45. Rxd2 Rxb7 46. Rd6+ Kg5
47. b6 Re7+ 48. Kd4 Re2 49. b3 Rd2+ 50. Kc5 Rb2 51. b7 Rxb3 52. Rb6 1-0

[Event "Santa Claus inv."]
[Site "Ottawa CAN"]
[Date "2003.12.27"]
[Round "2"]
[White "Panjwani, Raja"]
[Black "Pacey, Kevin"]
[Result "1/2-1/2"]
[WhiteElo "2173"]
[BlackElo "2273"]
[PlyCount "55"]
[EventDate "2003.12.26"]
[EventType "tourn"]
[EventRounds "5"]
[EventCountry "CAN"]

1. b3 e6 2. Bb2 d5 3. e3 Nf6 4. f4 c5 5. Nf3 Be7 6. Be2 Nc6 7. O-O O-O 8. Ne5
Nxe5 9. fxe5 Ne8 10. Bd3 f5 11. a4 Nc7 12. Na3 b6 13. a5 Bb7 14. axb6 axb6 15.
Qe2 Qd7 16. Nb5 Nxb5 17. Bxb5 Bc6 18. Bxc6 Qxc6 19. c4 Rxa1 20. Rxa1 Ra8 21.
Rxa8+ Qxa8 22. cxd5 Qxd5 23. Qb5 Kf7 24. Bc3 Bd8 25. Qc4 Be7 26. Qb5 Bd8 27.
Qc4 Be7 28. Qb5 1/2-1/2

[Event "Grand SNAFU 2003-04"]
[Site "Kingston CAN"]
[Date "2003.12.28"]
[Round "3"]
[White "Panjwani, Raja"]
[Black "Sibbald, Peter"]
[Result "1/2-1/2"]
[WhiteElo "2172"]
[BlackElo "1999"]
[PlyCount "114"]
[EventDate "2003.12.14"]
[EventType "swiss"]
[EventRounds "10"]
[EventCountry "CAN"]

1. b3 e5 2. Bb2 Nc6 3. e3 Nf6 4. Bb5 d6 5. d4 exd4 6. Qxd4 Bd7 7. Bxc6 Bxc6 8.
Nf3 Be7 9. c4 O-O 10. Nc3 Ne8 11. O-O-O a6 12. Qd3 b5 13. cxb5 axb5 14. Nd4 Qd7
15. Kb1 Rb8 16. h4 Nf6 17. f3 b4 18. Nxc6 Qxc6 19. Ne2 Nd7 20. Nd4 Qb6 21. g4
Ra8 22. Qc2 Bf6 23. g5 Bxd4 24. Bxd4 Qa5 25. h5 c5 26. Ba1 Ra6 27. Qb2 f6 28.
h6 g6 29. gxf6 Nxf6 30. Rdg1 d5 31. f4 c4 32. Qc2 Ne4 33. Rh2 c3 34. Rd1 Qb6
35. Qd3 Rf5 36. Rc2 Qa5 37. Qd4 Ra7 38. a4 Qc5 39. Bxc3 bxc3 40. Qxc5 Nxc5 41.
Rxc3 Ne4 42. Rc8+ Kf7 43. Rh8 Ke6 44. Re8+ Re7 45. Rc8 Rh5 46. Rc6+ Kd7 47. Rc2
Rxh6 48. Rxd5+ Ke8 49. b4 Rh2 50. b5 Rxc2 51. Kxc2 Rc7+ 52. Kb2 Nf6 53. Rd4 Nd7
54. Kb3 Kd8 55. e4 Kc8 56. a5 Kb7 57. b6 Nxb6 1/2-1/2

[Event "Wch-U14"]
[Site "Halkidiki GRE"]
[Date "2003.10.24"]
[Round "2.2"]
[White "Panjwani, Raja"]
[Black "Khairullin, Ildar"]
[Result "0-1"]
[WhiteElo "2150"]
[BlackElo "2455"]
[PlyCount "62"]
[EventDate "2003.10.23"]
[EventType "swiss"]
[EventRounds "11"]
[EventCountry "GRE"]

1. Nf3 Nf6 2. g3 g6 3. b4 Bg7 4. Bb2 O-O 5. Bg2 d6 6. O-O e5 7. d3 Nh5 8. e4 f5
9. exf5 Bxf5 10. Nbd2 Nd7 11. d4 e4 12. Nh4 Nhf6 13. c4 c6 14. Nxf5 gxf5 15.
Bh3 f4 16. gxf4 d5 17. c5 Qc7 18. f5 Qf4 19. Bc1 Qh4 20. Qb3 Nh5 21. Re1 Nf4
22. Bf1 Bxd4 23. Qg3+ Qxg3+ 24. hxg3 Bxa1 25. gxf4 Bc3 26. Re3 Bxb4 27. Nb3
Bxc5 28. Rg3+ Kf7 29. Rh3 Rg8+ 30. Kh1 Bxf2 31. Rxh7+ Rg7 0-1

[Event "Wch-U14"]
[Site "Halkidiki GRE"]
[Date "2003.10.27"]
[Round "5.9"]
[White "Lenderman, Alex"]
[Black "Panjwani, Raja"]
[Result "1-0"]
[WhiteElo "2342"]
[BlackElo "2150"]
[PlyCount "81"]
[EventDate "2003.10.23"]
[EventType "swiss"]
[EventRounds "11"]
[EventCountry "GRE"]

1. e4 b6 2. d4 Bb7 3. Nc3 e6 4. a3 d5 5. Bd3 Nf6 6. e5 Nfd7 7. f4 Ba6 8. Bxa6
Nxa6 9. Nf3 c5 10. O-O Be7 11. Ne2 Nf8 12. f5 Qd7 13. f6 gxf6 14. exf6 Bd6 15.
Bf4 Ng6 16. Bxd6 Qxd6 17. c3 O-O-O 18. dxc5 Nxc5 19. b4 Ne4 20. a4 Nf4 21. Nxf4
Qxf4 22. Qd3 Qc7 23. c4 Kb8 24. Rfc1 Nxf6 25. Qd4 e5 26. Qxe5 Qxe5 27. Nxe5
Rde8 28. Nxf7 Rhf8 29. Nd6 Re6 30. c5 Ne4 31. Nb5 bxc5 32. bxc5 Rc6 33. Nd4
Rxc5 34. Rcb1+ Ka8 35. Ne6 Rfc8 36. Nxc5 Rxc5 37. Rb4 Nc3 38. Re1 a5 39. Re8+
Ka7 40. Re7+ Ka8 41. Rf4 1-0

[Event "Kitchener Futurity"]
[Site "Kitchener CAN"]
[Date "2003.07.25"]
[Round "1"]
[White "Hutters, Tomas"]
[Black "Panjwani, Raja"]
[Result "1-0"]
[WhiteElo "2400"]
[BlackElo "2073"]
[PlyCount "59"]
[EventDate "2003.07.25"]
[EventType "schev"]
[EventRounds "10"]
[EventCountry "CAN"]
[Source "Mark Crowther"]
[SourceDate "2003.07.28"]

1. d4 Nf6 2. c4 e6 3. g3 c5 4. Nf3 Be7 5. Bg2 O-O 6. O-O d5 7. cxd5 exd5 8. Nc3
Nc6 9. Bg5 c4 10. Ne5 Be6 11. Nxc6 bxc6 12. b3 cxb3 13. Qxb3 h6 14. Bxf6 Bxf6
15. e3 c5 16. dxc5 d4 17. Nd5 Bxd5 18. Qxd5 Qxd5 19. Bxd5 Rad8 20. e4 Rb8 21.
Rab1 Be7 22. c6 Bb4 23. Rb3 Bc5 24. Rb7 Bb6 25. Bxf7+ Kh7 26. Be6 Rxb7 27. cxb7
d3 28. Kg2 d2 29. f4 Rd8 30. Rd1 1-0

[Event "Kitchener Futurity"]
[Site "Kitchener CAN"]
[Date "2003.07.26"]
[Round "2"]
[White "Panjwani, Raja"]
[Black "Porper, Edward"]
[Result "0-1"]
[WhiteElo "2073"]
[BlackElo "2435"]
[PlyCount "88"]
[EventDate "2003.07.25"]
[EventType "schev"]
[EventRounds "10"]
[EventCountry "CAN"]
[Source "Mark Crowther"]
[SourceDate "2003.07.28"]

1. d4 d5 2. Bg5 c6 3. e3 Qb6 4. Nd2 Bf5 5. Bd3 Bxd3 6. cxd3 Nd7 7. Ngf3 e6 8.
Bf4 Ngf6 9. O-O Be7 10. Qe2 O-O 11. h3 a5 12. a4 Ne8 13. e4 Nc7 14. Ne5 Nxe5
15. Bxe5 Rfd8 16. Qg4 Ne8 17. Rae1 Qxb2 18. Re2 Qc3 19. f4 Bf6 20. f5 Bxe5 21.
dxe5 Qxe5 22. Nf3 exf5 23. Qh5 Qf6 24. Nh4 g6 25. Qh6 dxe4 26. dxe4 Qg7 27.
Qxg7+ Nxg7 28. exf5 Re8 29. Rb2 Re4 30. g3 Rb4 31. Rd2 Rb3 32. fxg6 hxg6 33.
Rd7 Rf8 34. Nf3 Nf5 35. g4 Ne3 36. Rf2 f6 37. Nd4 Rd3 38. g5 Nf5 39. gxf6 Rxd4
40. Rxb7 Rxf6 41. Re2 Rf7 42. Rb6 Rd1+ 43. Kh2 Nd4 44. Rg2 Rg7 0-1

[Event "Kitchener Futurity"]
[Site "Kitchener CAN"]
[Date "2003.07.28"]
[Round "5"]
[White "Day, Lawrence"]
[Black "Panjwani, Raja"]
[Result "0-1"]
[WhiteElo "2294"]
[BlackElo "2073"]
[PlyCount "100"]
[EventDate "2003.07.25"]
[EventType "schev"]
[EventRounds "10"]
[EventCountry "CAN"]

1. Nf3 Nf6 2. g3 b6 3. Bg2 Bb7 4. O-O e6 5. b3 d5 6. Bb2 c5 7. c4 Nc6 8. e3 Be7
9. cxd5 exd5 10. d4 O-O 11. Nc3 Rc8 12. Bh3 Rb8 13. Re1 cxd4 14. exd4 Ne4 15.
a3 Na5 16. Ne2 Bc8 17. Bg2 Bf5 18. Rc1 Rc8 19. Rxc8 Qxc8 20. Nf4 Qb7 21. Nd2
Bg5 22. Nxe4 Bxe4 23. f3 Bf5 24. Nxd5 Qxd5 25. f4 Qxb3 26. Qxb3 Nxb3 27. fxg5
Rd8 28. Re7 Kf8 29. Rxa7 Nxd4 30. a4 Nc2 31. Bc3 Rd3 32. Rc7 Ke8 33. Bf1 Rd1
34. Kf2 Bd7 35. Rc4 Rxf1+ 36. Kxf1 Ne3+ 37. Ke2 Nxc4 38. Kd3 Nd6 39. a5 bxa5
40. Bxa5 Ke7 41. Bc3 g6 42. Ke3 Ke6 43. Kf4 Nf5 44. Ba1 Ne7 45. Kg4 Nd5 46. Bg7
Ba4 47. Bh6 Bd1+ 48. Kh4 Kf5 49. h3 Ne3 50. g4+ Kf4 0-1

[Event "Kitchener Futurity"]
[Site "Kitchener CAN"]
[Date "2003.07.29"]
[Round "6"]
[White "Panjwani, Raja"]
[Black "Hutters, Tomas"]
[Result "0-1"]
[WhiteElo "2073"]
[BlackElo "2400"]
[PlyCount "108"]
[EventDate "2003.07.25"]
[EventType "schev"]
[EventRounds "10"]
[EventCountry "CAN"]

1. d4 d5 2. Bg5 f6 3. Bh4 Nh6 4. e3 Nf5 5. Bd3 c5 6. c3 h5 7. Bg3 e5 8. dxe5 h4
9. Qg4 Qd7 10. Qg6+ Kd8 11. Bf4 h3 12. gxh3 Nh4 13. Qg3 g5 14. e6 Qxe6 15. Bxb8
Rxb8 16. Qxb8 Qb6 17. Nd2 Bd6 18. Qa8 Kc7 19. O-O-O Re8 20. e4 Bd7 21. Qxe8
Bxe8 22. exd5 Bh5 23. Nc4 Qa6 24. Na3 c4 25. Bxc4 Qb6 26. Be2 Bxa3 27. bxa3 Bg6
28. Bd3 Bxd3 29. Rxd3 Qxf2 30. Rd2 Qe1+ 31. Rd1 Qe4 32. Ne2 Qxe2 33. Rhe1 Qxa2
34. d6+ Kd7 35. Re7+ Kd8 36. Rxb7 Qxa3+ 37. Kb1 Qa6 38. Rb8+ Kd7 39. Rh8 Qb5+
40. Kc1 Qf5 41. Rb8 Qe4 42. Rf8 Qc4 43. Kb2 Ng6 44. Rb8 Qe2+ 45. Kc1 Qe3+ 46.
Kc2 Ne5 47. Rg8 Qe4+ 48. Kc1 Nd3+ 49. Kd2 Nf2 50. Rg7+ Kxd6 51. Ra1 Qd3+ 52.
Kc1 Qxc3+ 53. Kb1 Qb3+ 54. Kc1 Nd3+ 0-1

[Event "Kitchener Futurity"]
[Site "Kitchener CAN"]
[Date "2003.07.30"]
[Round "7"]
[White "Porper, Edward"]
[Black "Panjwani, Raja"]
[Result "1-0"]
[WhiteElo "2429"]
[BlackElo "2073"]
[PlyCount "47"]
[EventDate "2003.07.25"]
[EventType "schev"]
[EventRounds "10"]
[EventCountry "CAN"]

1. d4 Nf6 2. Nf3 e6 3. c4 b6 4. Nc3 Bb4 5. Bg5 h6 6. Bh4 g5 7. Bg3 Ne4 8. Qc2
Bb7 9. Nd2 Bxc3 10. bxc3 f5 11. f3 Nxd2 12. Qxd2 d6 13. h4 f4 14. Bf2 Kf7 15.
e3 e5 16. O-O-O g4 17. dxe5 gxf3 18. e4 Ke7 19. Qxf4 Rf8 20. Qxh6 fxg2 21. Qg7+
Rf7 22. Qxg2 Qf8 23. Be3 Nd7 24. Qg5+ 1-0

[Event "Kitchener Futurity"]
[Site "Kitchener CAN"]
[Date "2003.08.01"]
[Round "9"]
[White "Garcia, Alvaro"]
[Black "Panjwani, Raja"]
[Result "1-0"]
[WhiteElo "2253"]
[BlackElo "2073"]
[PlyCount "101"]
[EventDate "2003.07.25"]
[EventType "schev"]
[EventRounds "10"]
[EventCountry "CAN"]

1. d4 Nf6 2. c4 e6 3. Nf3 b6 4. g3 Ba6 5. b3 Bb4+ 6. Bd2 Be7 7. Bg2 d5 8. Qc2
O-O 9. O-O Bb7 10. Bf4 Na6 11. Rd1 c5 12. dxc5 Bxc5 13. Nc3 Qe7 14. cxd5 exd5
15. Nb5 Rac8 16. Qf5 Qxe2 17. Nfd4 Bxd4 18. Nxd4 Qe7 19. Bg5 Nc7 20. Re1 Qd6
21. Bxf6 Qxf6 22. Qxf6 gxf6 23. Nf5 Rb8 24. Re7 Ne6 25. Nd6 Ba8 26. Rxa7 Rbd8
27. Nf5 d4 28. Rd1 Bxg2 29. Kxg2 Ra8 30. Rxa8 Rxa8 31. Rd2 Rd8 32. h4 Kf8 33.
Kf3 Rd5 34. Ne3 Rc5 35. Ng2 Rd5 36. Ke4 Re5+ 37. Kd3 Rd5 38. b4 b5 39. Ne1 Ke7
40. Nf3 f5 41. Rc2 Kd7 42. Re2 f6 43. Nd2 Re5 44. Nb3 Rxe2 45. Kxe2 Kd6 46. Kd3
Kd5 47. f4 h6 48. h5 Ng7 49. Nxd4 Nxh5 50. Nxf5 Ke6 51. Ke4 1-0

[Event "Kitchener Futurity"]
[Site "Kitchener CAN"]
[Date "2003.08.02"]
[Round "10"]
[White "Panjwani, Raja"]
[Black "Day, Lawrence"]
[Result "1/2-1/2"]
[WhiteElo "2073"]
[BlackElo "2294"]
[PlyCount "42"]
[EventDate "2003.07.25"]
[EventType "schev"]
[EventRounds "10"]
[EventCountry "CAN"]

1. d4 g6 2. Bg5 Bg7 3. e3 c5 4. c3 cxd4 5. exd4 d6 6. Nd2 Nf6 7. Ngf3 Nbd7 8.
Bc4 h6 9. Bh4 a6 10. a4 b6 11. O-O Bb7 12. Re1 O-O 13. Qe2 Re8 14. Bxf6 Nxf6
15. Bxf7+ Kxf7 16. Qe6+ Kf8 17. Nh4 Bh8 18. Nxg6+ Kg7 19. Nxe7 Kf8 20. Ng6+ Kg7
21. Ne7 Kf8 1/2-1/2

[Event "CAN-op"]
[Site "Kapuskasing CAN"]
[Date "2003.07.13"]
[Round "3"]
[White "Stevens, Christian"]
[Black "Panjwani, Raja"]
[Result "1/2-1/2"]
[WhiteElo "2262"]
[BlackElo "2192"]
[PlyCount "59"]
[EventDate "2003.07.12"]
[EventType "swiss"]
[EventRounds "9"]
[EventCountry "CAN"]

1. c4 e5 2. Nc3 Nc6 3. Nf3 g6 4. d4 exd4 5. Nxd4 Bg7 6. Nxc6 bxc6 7. Qa4 Ne7 8.
g3 d6 9. Bg2 Bd7 10. c5 O-O 11. O-O Nd5 12. cxd6 Nxc3 13. bxc3 cxd6 14. Bxc6
Bxc3 15. Bh6 Bxc6 16. Qxc6 Rc8 17. Qa6 Bxa1 18. Bxf8 Kxf8 19. Rxa1 Qc7 20. Rd1
Rd8 21. Rd3 Qc5 22. Qb7 d5 23. Rf3 Qe7 24. Qxe7+ Kxe7 25. Ra3 Rd7 26. Ra6 d4
27. Ra3 Kd6 28. Ra5 Kc6 29. Kg2 Kb6 30. Ra3 1/2-1/2

[Event "CAN-op"]
[Site "Kapuskasing CAN"]
[Date "2003.07.14"]
[Round "4"]
[White "Panjwani, Raja"]
[Black "Abi Ayad, Zohayr"]
[Result "1-0"]
[WhiteElo "2192"]
[BlackElo "1713"]
[PlyCount "67"]
[EventDate "2003.07.12"]
[EventType "swiss"]
[EventRounds "9"]
[EventCountry "CAN"]

1. Nf3 d5 2. c4 c6 3. b3 Bf5 4. g3 e6 5. Bb2 Nf6 6. d3 Nbd7 7. Nbd2 Bc5 8. Bg2
O-O 9. O-O h6 10. Qc2 Qb6 11. h3 Rac8 12. a3 Qc7 13. b4 Bd6 14. Qc3 Rfe8 15. e4
d4 16. Qxd4 e5 17. Qc3 Bg6 18. c5 Bf8 19. Nc4 Rcd8 20. Nfxe5 Nxe5 21. Nxe5 Bh7
22. Rad1 Re6 23. f4 Rde8 24. g4 Nd7 25. Nc4 a6 26. f5 Re5 27. Nxe5 Nxe5 28. d4
Nd7 29. e5 Qd8 30. d5 Qc7 31. e6 fxe6 32. fxe6 Nf6 33. d6 Qd8 34. Rxf6 1-0

[Event "CYCC U14"]
[Site "Kapuskasing CAN"]
[Date "2003.07.07"]
[Round "1"]
[White "Panjwani, Raja"]
[Black "Motz, Paul"]
[Result "1-0"]
[WhiteElo "2207"]
[BlackElo "1393"]
[PlyCount "77"]
[EventDate "2003.07.07"]
[EventType "swiss"]
[EventRounds "7"]
[EventCountry "CAN"]

1. d4 d5 2. Bg5 Nc6 3. e3 Bf5 4. Nd2 Nf6 5. Bxf6 exf6 6. g3 Be7 7. Bg2 O-O 8.
Ne2 Qd7 9. Nf4 Be6 10. c4 dxc4 11. d5 Bxd5 12. Nxd5 Nb4 13. Nxe7+ Qxe7 14. O-O
Rab8 15. Nxc4 Nc6 16. Bxc6 bxc6 17. Qf3 Qe6 18. b3 Rfd8 19. Rfd1 h6 20. Na5
Rxd1+ 21. Rxd1 Rb6 22. e4 Ra6 23. Nc4 Rxa2 24. Qf5 Qxf5 25. exf5 Rc2 26. Ra1
Rc3 27. Ra3 Rf3 28. Ne3 g6 29. fxg6 fxg6 30. Kg2 Rxe3 31. fxe3 Kf7 32. Rxa7 Ke6
33. Rxc7 Kd6 34. Rg7 f5 35. Rxg6+ Kd5 36. Rf6 Ke4 37. Rxh6 Kxe3 38. Rh4 Kd3 39.
Rc4 1-0

[Event "CYCC U14"]
[Site "Kapuskasing CAN"]
[Date "2003.07.07"]
[Round "2"]
[White "Deimert, David"]
[Black "Panjwani, Raja"]
[Result "0-1"]
[WhiteElo "1635"]
[BlackElo "2207"]
[PlyCount "56"]
[EventDate "2003.07.07"]
[EventType "swiss"]
[EventRounds "7"]
[EventCountry "CAN"]

1. e4 c5 2. Nf3 Nc6 3. d4 cxd4 4. Nxd4 Nf6 5. Nc3 e5 6. Ndb5 d6 7. Bg5 a6 8.
Na3 b5 9. Nd5 Be7 10. Bxf6 Bxf6 11. c3 Ne7 12. Nc2 Nxd5 13. exd5 O-O 14. Be2
Bg5 15. O-O f5 16. b3 e4 17. c4 Bf6 18. Rc1 Be5 19. f4 exf3 20. Bxf3 bxc4 21.
bxc4 Qh4 22. h3 Qxc4 23. Ne3 Qd4 24. Qe2 f4 25. Rc4 Qxe3+ 26. Qxe3 fxe3 27. Re4
Bf5 28. Rb4 Rab8 0-1

[Event "CYCC U14"]
[Site "Kapuskasing CAN"]
[Date "2003.07.08"]
[Round "3"]
[White "Panjwani, Raja"]
[Black "Lawson, Jonathan"]
[Result "1-0"]
[WhiteElo "2207"]
[BlackElo "1708"]
[PlyCount "81"]
[EventDate "2003.07.07"]
[EventType "swiss"]
[EventRounds "7"]
[EventCountry "CAN"]

1. d4 Nf6 2. c4 g6 3. Nc3 Bg7 4. e4 d6 5. f3 O-O 6. Bg5 Nbd7 7. Qd2 e5 8. d5 a5
9. Nge2 Nc5 10. g4 h6 11. Be3 h5 12. h3 Nh7 13. Rg1 f5 14. gxf5 gxf5 15. O-O-O
f4 16. Bxc5 dxc5 17. d6 Be6 18. dxc7 Qxc7 19. Nb5 Qf7 20. b3 Rfd8 21. Qxd8+
Rxd8 22. Rxd8+ Nf8 23. Nec3 Qe7 24. Rd2 Kh7 25. Nd5 Bxd5 26. cxd5 Qd7 27. Rdg2
Bf6 28. Rg8 Qd8 29. d6 h4 30. Bc4 Kh6 31. Rxf8 Qxf8 32. Rg8 Qxg8 33. Bxg8 Kg7
34. Bd5 b6 35. Nc7 Kf8 36. Bc6 Kf7 37. Kd2 Bd8 38. Bd5+ Kf6 39. Ne6 Be7 40.
dxe7 Kxe7 41. Kd3 1-0

[Event "CYCC U14"]
[Site "Kapuskasing CAN"]
[Date "2003.07.10"]
[Round "7"]
[White "Panjwani, Raja"]
[Black "Wang, David"]
[Result "0-1"]
[WhiteElo "2207"]
[BlackElo "2056"]
[PlyCount "120"]
[EventDate "2003.07.07"]
[EventType "swiss"]
[EventRounds "7"]
[EventCountry "CAN"]
[Source "LesEchecs.com"]
[SourceDate "2003.03.18"]

1. d4 d5 2. Bg5 h6 3. Bh4 c6 4. e3 Qb6 5. Nd2 Bf5 6. Qc1 e6 7. Ngf3 Nd7 8. Be2
Be7 9. Bg3 Ngf6 10. h3 Ne4 11. Nxe4 Bxe4 12. O-O O-O 13. c4 c5 14. cxd5 Bxd5
15. Ne5 Nxe5 16. dxe5 Rac8 17. Qc2 Rc7 18. b3 Rfc8 19. Bc4 Qc6 20. Bxd5 Qxd5
21. Rfd1 Qc6 22. a4 c4 23. Qxc4 Qxc4 24. bxc4 Rxc4 25. Rd7 R8c7 26. Rad1 Kf8
27. Kf1 b6 28. Rxc7 Rxc7 29. Ke2 Rc2+ 30. Rd2 Rxd2+ 31. Kxd2 Ke8 32. Kc3 Kd7
33. f4 Kc6 34. e4 Bc5 35. Kc4 a6 36. Be1 b5+ 37. axb5+ axb5+ 38. Kd3 Bb4 39.
Bf2 Bf8 40. g3 Ba3 41. h4 h5 42. g4 g6 43. gxh5 gxh5 44. f5 Bb2 45. Bg3 Kc5 46.
Kc2 Ba1 47. Kb3 Kd4 48. Kb4 Kxe4 49. fxe6 fxe6 50. Kxb5 Bxe5 51. Be1 Kf3 52.
Kc4 Bg3 53. Bd2 Bxh4 54. Kd4 Bg3 55. Bg5 Kg4 56. Bf6 h4 57. Bxh4 Kxh4 58. Kd3
Kg4 59. Ke2 Kf4 60. Kf1 Ke3 0-1

[Event "Eastern Ontario op"]
[Site "Ottawa CAN"]
[Date "2003.06.08"]
[Round "4"]
[White "Pacey, Kevin"]
[Black "Panjwani, Raja"]
[Result "1/2-1/2"]
[WhiteElo "2282"]
[BlackElo "2118"]
[PlyCount "82"]
[EventDate "2003.06.07"]
[EventType "swiss"]
[EventRounds "5"]
[EventCountry "CAN"]

1. e4 c5 2. Nf3 Nc6 3. d4 cxd4 4. Nxd4 Nf6 5. Nc3 e5 6. Ndb5 d6 7. Bg5 a6 8.
Na3 b5 9. Bxf6 gxf6 10. Nd5 Bg7 11. Bd3 Ne7 12. Ne3 f5 13. Nxf5 Nxf5 14. exf5
d5 15. Be2 b4 16. Nb1 Bxf5 17. Qd2 e4 18. c3 bxc3 19. Nxc3 d4 20. Na4 e3 21.
fxe3 Qh4+ 22. g3 Qe4 23. O-O Bh6 24. Rf4 Bxf4 25. exf4 d3 26. Nc3 Qd4+ 27. Kg2
O-O 28. Bf3 Rae8 29. Rf1 Qd7 30. Rd1 Qe6 31. h4 Kh8 32. Qf2 Qe3 33. Qxe3 Rxe3
34. Kf2 Rfe8 35. g4 Bd7 36. Nd5 Re2+ 37. Bxe2 Rxe2+ 38. Kg3 Bb5 39. Nc3 Rxb2
40. Nxb5 axb5 41. Rxd3 Rxa2 1/2-1/2

[Event "Kingston CC-ch"]
[Site "Kingston CAN"]
[Date "2003.03.20"]
[Round "2"]
[White "Sibbald, Peter"]
[Black "Panjwani, Raja"]
[Result "1/2-1/2"]
[WhiteElo "1964"]
[BlackElo "2118"]
[PlyCount "67"]
[EventDate "2003.03.13"]
[EventType "tourn"]
[EventRounds "10"]
[EventCountry "CAN"]

1. e4 e6 2. d4 d5 3. Nc3 Bb4 4. e5 b6 5. a3 Bf8 6. Nf3 Ba6 7. Ne2 c5 8. c3 Nc6
9. Qa4 Bb7 10. Ng3 a6 11. Be3 Qc7 12. Rc1 b5 13. Qd1 c4 14. Be2 O-O-O 15. O-O
f6 16. a4 h6 17. axb5 axb5 18. b3 f5 19. Qc2 g5 20. Nh5 Qf7 21. Ne1 Nge7 22. f4
g4 23. Ng3 h5 24. Ra1 h4 25. Nh1 Kb8 26. Qa2 Qh7 27. Nc2 Nc8 28. Rfb1 g3 29. h3
N8a7 30. Bf3 Rd7 31. Rd1 Kc7 32. bxc4 bxc4 33. Rdb1 Kd8 34. Ne1 1/2-1/2

[Event "CAN-ch U20 2003"]
[Site "Shawinigan CAN"]
[Date "2003.01.03"]
[Round "1.6"]
[White "Panjwani, Raja"]
[Black "Livingston, Alex"]
[Result "1-0"]
[WhiteElo "2163"]
[BlackElo "1552"]
[PlyCount "39"]
[EventDate "2003.01.03"]
[EventType "swiss"]
[EventRounds "7"]
[EventCountry "CAN"]

1. b3 e6 2. Bb2 d5 3. e3 f5 4. f4 Nf6 5. Nf3 Be7 6. Be2 O-O 7. O-O c6 8. Ne5
Nbd7 9. Kh1 Bd6 10. Qe1 Qc7 11. d4 Ne4 12. Nc3 Rf6 13. Nxe4 fxe4 14. g4 Nf8 15.
g5 Rg6 16. Nxg6 Nxg6 17. c4 Qb8 18. a4 Nxf4 19. exf4 Bxf4 20. Qf2 1-0

[Event "CAN-ch U20 2003"]
[Site "Shawinigan CAN"]
[Date "2003.01.04"]
[Round "2.5"]
[White "Dumesnil, Etienne"]
[Black "Panjwani, Raja"]
[Result "0-1"]
[WhiteElo "1909"]
[BlackElo "2163"]
[PlyCount "110"]
[EventDate "2003.01.03"]
[EventType "swiss"]
[EventRounds "7"]
[EventCountry "CAN"]

1. g3 d5 2. f3 c5 3. Nh3 Nc6 4. Nf2 e5 5. Bg2 g6 6. e4 d4 7. d3 Bg7 8. Nd2 Nge7
9. f4 Bd7 10. Nc4 Qc7 11. a4 Be6 12. Na3 a6 13. O-O O-O 14. f5 gxf5 15. Qh5 f6
16. Bh6 Bf7 17. Qh3 Bxh6 18. Qxh6 Bg6 19. h4 Nd8 20. Bh3 Nf7 21. Qd2 Nd6 22.
Qe2 Kh8 23. h5 Bf7 24. exf5 Nexf5 25. Bxf5 Nxf5 26. Ne4 Be6 27. g4 Ne3 28. Rxf6
Bxg4 29. Qf2 Qg7 30. h6 Qe7 31. Nc4 Rxf6 32. Qxf6+ Qxf6 33. Nxf6 Rf8 34. Nxe3
Rxf6 35. Nxg4 Rg6 36. Re1 Rxg4+ 37. Kf2 Rh4 38. Rxe5 Rxh6 39. Rxc5 Rc6 40. Rxc6
bxc6 41. c3 Kg7 42. cxd4 Kf6 43. Kf3 Ke6 44. Ke4 a5 45. d5+ cxd5+ 46. Kf4 h5
47. d4 Kf6 48. Kg3 Kg5 49. Kh3 h4 50. b3 Kh5 51. b4 axb4 52. a5 b3 53. a6 b2
54. a7 b1=Q 55. a8=Q Qh1# 0-1

[Event "CAN-ch U20 2003"]
[Site "Shawinigan CAN"]
[Date "2003.01.04"]
[Round "3.2"]
[White "Predescu, Sebastian"]
[Black "Panjwani, Raja"]
[Result "1/2-1/2"]
[WhiteElo "2214"]
[BlackElo "2163"]
[PlyCount "55"]
[EventDate "2003.01.03"]
[EventType "swiss"]
[EventRounds "7"]
[EventCountry "CAN"]

1. d4 Nf6 2. Nf3 e6 3. Bf4 c5 4. e3 Qb6 5. Qc1 Nc6 6. c3 d5 7. Nbd2 Be7 8. Bd3
Bd7 9. h3 cxd4 10. exd4 Rc8 11. O-O Nb4 12. Bb1 Bb5 13. Re1 Nd3 14. Bxd3 Bxd3
15. Ne5 Bg6 16. Bh2 Qd8 17. Qd1 O-O 18. Nxg6 hxg6 19. Qe2 Bd6 20. Bxd6 Qxd6 21.
Qe3 Nd7 22. f4 Nb6 23. Qf2 Nc4 24. Nb3 a5 25. Nc5 b6 26. Nd3 Qc7 27. a3 Nd6 28.
Qe3 1/2-1/2

[Event "CAN-ch U20 2003"]
[Site "Shawinigan CAN"]
[Date "2003.01.05"]
[Round "4.1"]
[White "Panjwani, Raja"]
[Black "Wang, Hao Yuan"]
[Result "1/2-1/2"]
[WhiteElo "2163"]
[BlackElo "2275"]
[PlyCount "45"]
[EventDate "2003.01.03"]
[EventType "swiss"]
[EventRounds "7"]
[EventCountry "CAN"]

1. d4 Nf6 2. Nf3 c5 3. d5 e6 4. Nc3 d6 5. e4 a6 6. a4 Be7 7. Be2 O-O 8. O-O
exd5 9. exd5 Bf5 10. Nd2 Nfd7 11. Nc4 Nb6 12. Ne3 Bg6 13. a5 N6d7 14. Nc4 b5
15. axb6 Nxb6 16. Na5 Bf6 17. Bf3 Bxc3 18. bxc3 Qf6 19. Ra3 N8d7 20. Be2 Rfe8
21. c4 Qf5 22. Bd3 Qf6 23. Bxg6 1/2-1/2

[Event "CAN-ch U20 2003"]
[Site "Shawinigan CAN"]
[Date "2003.01.05"]
[Round "5.3"]
[White "Divljan, Igor"]
[Black "Panjwani, Raja"]
[Result "1-0"]
[WhiteElo "2286"]
[BlackElo "2163"]
[PlyCount "103"]
[EventDate "2003.01.03"]
[EventType "swiss"]
[EventRounds "7"]
[EventCountry "CAN"]

1. d4 Nf6 2. c4 e6 3. Nc3 Bb4 4. e3 b6 5. Nge2 Ba6 6. a3 Bxc3+ 7. Nxc3 d5 8. b3
O-O 9. Be2 Nbd7 10. a4 c5 11. Ba3 Re8 12. O-O Ne4 13. Nxe4 dxe4 14. Qc2 Bb7 15.
Rad1 Qc7 16. f4 exf3 17. Bxf3 Bxf3 18. Rxf3 e5 19. d5 Qd6 20. Rdf1 Rf8 21. Qf2
Qe7 22. e4 Nf6 23. Qe2 Kh8 24. Bc1 Ng8 25. Rh3 h6 26. g4 f6 27. Rg3 a5 28. h4
g6 29. Kg2 Kg7 30. Rgf3 Rad8 31. Qf2 g5 32. Qg3 Qd6 33. hxg5 hxg5 34. Rh1 Ne7
35. Qh2 Rh8 36. Rh3 Rxh3 37. Qxh3 Rg8 38. Bxg5 fxg5 39. Qh7+ Kf8 40. Rf1+ Ke8
41. Qf7+ Kd8 42. Rf6 Qd7 43. Kg3 Rh8 44. Rxb6 Nc8 45. Qf6+ Kc7 46. Rc6+ Kb7 47.
Qxh8 Nd6 48. Qxe5 Qh7 49. Qxd6 Qh4+ 50. Kg2 Qxg4+ 51. Kf2 Qh4+ 52. Qg3 1-0